Zemetrasenie môže pomôcť ekonomike záleží na vláde, ako "využije situáciu" po katastrofe

Ekonomika Turecka v minulých rokoch, jej vývoj v roku 1999 a očakávaný úpadok po ničivom zemetrasení v priemyselnej oblasti. Hospodárske problémy Turecka a naopak úspechy, ktoré môže zemetrasenie zmariť. Spôsob, ako z prírodnej katastrofy vyťažiť.

Salvato in:
Dettagli Bibliografici
Natura: Capitolo di libro
Lingua:slovacco
Soggetti:
Tags: Aggiungi Tag
Nessun Tag, puoi essere il primo ad aggiungerne!!

MARC

LEADER 00000naa a2200000 4500
001 r035906
005 20230824101847.5
041 0 |a slo 
044 |a SK 
245 1 0 |a Zemetrasenie môže pomôcť ekonomike  |b záleží na vláde, ako "využije situáciu" po katastrofe 
520 |a Ekonomika Turecka v minulých rokoch, jej vývoj v roku 1999 a očakávaný úpadok po ničivom zemetrasení v priemyselnej oblasti. Hospodárske problémy Turecka a naopak úspechy, ktoré môže zemetrasenie zmariť. Spôsob, ako z prírodnej katastrofy vyťažiť. 
610 2 0 |a situácia hospodárska 
610 2 0 |a Turecko 
610 2 0 |a pohromy živelné 
610 2 0 |a škody 
610 2 0 |a regióny priemyselné 
610 2 0 |a úpadok hospodársky 
610 2 0 |a inflácia